Bundesländer nach Bevölkerungsdichte - Statistiken

Allgemein
  • Dieses Quiz wurde 245 mal gespielt
  • Das Durchschnittsergebnis liegt bei 10 aus 16
Antwortstatistiken
Einwohner/km² Bundesland % Korrekt
4.090 Berlin
99%
2.446 Hamburg
99%
1.624 Bremen
98%
526 Nordrhein-Westfalen
90%
384 Saarland
78%
311 Baden-Württemberg
73%
298 Hessen
68%
221 Sachsen
61%
186 Bayern
56%
69 Mecklenburg-Vorpommern
49%
206 Rheinland-Pfalz
49%
85 Brandenburg
42%
184 Schleswig-Holstein
40%
132 Thüringen
40%
168 Niedersachsen
38%
107 Sachsen-Anhalt
37%
Keine übereinstimmenden Quizze gefunden
Verteilung der Resultate
Anzahl Personen mit jedem Resultat
Perzentil nach korrekt beantworteten Fragen
Ihre Resultats-Entwicklung
Sie haben dieses Quiz noch nicht gespielt